Statystyki dla Geografia świata na mapie

Kliknij tutaj aby rozwiązać quiz!

Ogólne statystyki

  • Ten quiz został rozwiązany 13 711 razy
  • Średni wynik to 13 z 25

Odpowiedzi na mapie

Odpowiedzi skodowane kolorowo w zielono-czerwonej skali na mapie do tego quizu, zgodnie z poniższymi procentami.
 

Statystyki odpowiedzi

RodzajOdpowiedź% Poprawnych
PaństwoNorwegia
94%
PaństwoUrugwaj
82%
PaństwoPapua-Nowa Gwinea
79%
RegionBałkany
78%
Pasmo górskieAndy
74%
Pasmo górskieUral
74%
RegionKalifornia
70%
PaństwoTurkmenistan
70%
PaństwoNamibia
67%
MiastoStambuł
66%
RegionBawaria
58%
MiastoPanama
56%
MiastoSingapur
54%
JezioroJezioro Wiktorii
52%
MiastoPjongjang
52%
Pasmo górskiePireneje
51%
JezioroBajkał
46%
RegionTybet
45%
MiastoToronto
27%
JezioroJezioro Górne
21%
JezioroJezioro Aralskie
17%
MiastoKaraczi
15%
RegionNowa Południowa Walia
15%
MiastoDar es Salaam
11%
Pasmo górskieAlpy Południowe
8%

Rozkład punktacji

Percentyl według liczby udzielonych odpowiedzi

Procent ludzi z każdym wynikiem

Twoja historia wyników

Nie rozwiązałeś tego quizu